000 00271nam a22001217a 4500
008 180806b xxu||||| |||| 00| 0 eng d
082 _a813.52
245 _aTransfusion Alternatives
_cNTSC
260 _c2004
300 _a1
_fCD
440 _x00100144
942 _2ddc
_cMX
999 _c46799
_d46799